LEADER 00889nam a2200217 i 4500 001 000000143861 003 CaOOAMICUS 005 20051013000000.0 008 051013n it u000 u ita u 013 $a119219 040 $aSeMil$bita 100 1 $aLierde, Petrus Caninius : van.$0(OLS)http://semarc/name/42969 245 14$a"La nuzialità di Cristo" /$cVan Lierde ... [et al.]. 260 $aSestri Levante :$bCentro di Apostolato Ascetico,$c[19?] 300 $a171 p. ;$c21 cm. 650 4$aGesù Cristo - Sposo.$0(OLS)http://semarc/subject/21548 850 $aSeMil 852 $aSeMil$W1$xVenegono$y1$m1251 1 *$j96893$B96893$CSeMilBibl$Z2$F104361 $81 961 $aRecupero: Biblioteca Seminario Saronno 996 $6245$a"La nuzialità di Cristo"$9(OLS)http://semarc/title/210500 996 $6260$aSestri Levante :$bCentro di Apostolato Ascetico$9(OLS)http://semarc/publisher/41772 LEADER 01221nam a2200301 i 4500 001 000000153969 003 CaOOAMICUS 005 20061006000000.0 008 061006s1983 it u000 u ita u 013 $a131315 020 $a88-7641-006-6 040 $aSeMil$bita 100 1 $aBrod, Max,$d<1884-1968>.$0(OLS)http://semarc/name/8140 240 14$aDer Prager Kreis.$0(OLS)http://semarc/title/225286 245 13$aIl circolo di Praga /$cMax Brod ; traduzione dal tedesco a cura di Luigi Ferrara degli Uberti. 260 $aRoma :$bEdizioni e/o,$ccopyr. 1983. 300 $a217 p. ;$c22 cm. 490 0 $aCollana praghese 500 $aContiene : Bibliografia ; Cronologia. - Fondo Ciprandi. 700 1 $aFerrara degli Uberti, Luigi.$0(OLS)http://semarc/name/34865 830 0$aCollana praghese.$0(OLS)http://semarc/title/10542 850 $aSeMil 852 $aSeMil$W1$xVenegono$y1$m1W V 275$j105852$B105852$CSeMilBibl$Z2$F115050 $81 941 1 $a1 961 $aOmaggio: Ciprandi dott. Paolo 996 $6020$a88-7641-006-6$9(OLS)http://semarc/number/143860 996 $6245$aIl circolo di Praga$9(OLS)http://semarc/title/225285 996 $6260$aRoma :$bEdizioni e/o$9(OLS)http://semarc/publisher/33950